000 00334nam a2200145Ia 4500
005 20251222152655.0
008 251222s9999||||xx |||||||||||||| ||spa||
020 _a8447318818
082 _a828.9/B65
100 _aBlyton, Enid
245 0 _aLos Cinco y El Tesoro de la Isla
250 _a1ra. ed.
264 _bRBA
942 _cLIB
999 _c28617
_d28617